Statistiques concernant Trouver le modèle du véhicule - années 2010

Cliquez ici pour prendre le quiz!

Statistiques générales

  • Ce quiz a été pris 42 fois
  • Le résultat moyen est 8 sur 12

Statistiques - réponses

Réponse% Correct
3008 II
97%
Duster
95%
Zoe
92%
Chiron
87%
C4 Cactus
84%
I8
71%
Continental GT
55%
Model S
55%
Huracan
53%
Civic Type-R
50%
BRZ
24%
SRT Hellcat
18%

Distribution des résultats

Percentile par nombre de réponses

% des personnes avec chaque résultat

Votre développement - résultats

Vous n’avez pas pris ce quiz